सांप्रदायिकतावाद के भयानक चेहरे / (Record no. 16183)

MARC details
000 -LEADER
fixed length control field 01949nam a22003617a 4500
005 - DATE AND TIME OF LATEST TRANSACTION
control field 20081003124743.0
008 - FIXED-LENGTH DATA ELEMENTS--GENERAL INFORMATION
fixed length control field 081003t xxu||||| |||| 00| 0 hin d
010 ## - LCCN (DPL NO)
LC control number HIN-84269
020 ## - INTERNATIONAL STANDARD BOOK NUMBER
Terms of availability 90.00
International Standard Book Number 9788184670301
035 ## - SYSTEM CONTROL NUMBER
System control number HN-56615
037 ## - SOURCE OF ACQUISITION
Source of stock number/acquisition DBAD /PUB
040 ## - CATALOGING SOURCE
Original cataloging agency DPL
Language of cataloging HN
082 ## - DEWEY DECIMAL CLASSIFICATION NUMBER
Classification number 320.52
100 ## - MAIN ENTRY--PERSONAL NAME
Personal name भट्ट, एस.आर.
245 ## - TITLE STATEMENT
Title सांप्रदायिकतावाद के भयानक चेहरे /
Statement of responsibility, etc एस.आर. भट्ट एवं जी. राजशेखर ,के.फणिराजे. वेंकटराज विराज द्वारा अनुदित
260 ## - PUBLICATION, DISTRIBUTION, ETC. (IMPRINT)
Place of publication, distribution, etc बैंगलूर
Name of publisher, distributor, etc नवकर्नाटक पब्लिकेषन्स प्रैवेट लिमिटेड
Date of publication, distribution, etc 2008
270 ## - ADDRESS
Address एम्बेसि सेन्टर,11, क्रेसेन्ट रोड, कु.पा.पूर्व
Telephone number 0891 2715302
City बैंगलूर
Postal code 560001
Fax number 080 30578023
Electronic mail address navakarnataka@vsnl.com
300 ## - PHYSICAL DESCRIPTION
Extent 150पृ
Other physical details 22सेमी (अजिल्द)
500 ## - GENERAL NOTE
General note नवकर्नाटक प्रकाशन का 2410वीं प्रकटण
650 ## - SUBJECT ADDED ENTRY--TOPICAL TERM
Topical term or geographic name as entry element सांप्रदायिकता
Geographic subdivision भारत
650 ## - SUBJECT ADDED ENTRY--TOPICAL TERM
Topical term or geographic name as entry element Communalism
Geographic subdivision India
650 ## - SUBJECT ADDED ENTRY--TOPICAL TERM
Topical term or geographic name as entry element हिन्दू
Geographic subdivision भारत
650 ## - SUBJECT ADDED ENTRY--TOPICAL TERM
Topical term or geographic name as entry element Hindus
Geographic subdivision India
650 ## - SUBJECT ADDED ENTRY--TOPICAL TERM
Topical term or geographic name as entry element मुस्लिम
Geographic subdivision भारत
650 ## - SUBJECT ADDED ENTRY--TOPICAL TERM
Topical term or geographic name as entry element Muslims
Geographic subdivision India
651 ## - SUBJECT ADDED ENTRY--GEOGRAPHIC NAME
Geographic name भारत
Geographic subdivision जातीय सम्बंध
651 ## - SUBJECT ADDED ENTRY--GEOGRAPHIC NAME
Geographic name India
Geographic subdivision Ethnic relations
700 ## - ADDED ENTRY--PERSONAL NAME
Personal name राजशेखर, जी.
700 ## - ADDED ENTRY--PERSONAL NAME
Personal name फणिराज, के.
700 ## - ADDED ENTRY--PERSONAL NAME
Personal name वेंकटराज विराज
942 ## - ADDED ENTRY ELEMENTS (KOHA)
Source of classification or shelving scheme Dewey Decimal Classification
Item type Hindi Books
Call number suffix भट्टए
Classification part 320.52
Holdings
Withdrawn status Lost status Source of classification or shelving scheme Damaged status Not for loan Collection code Home library Current library Date acquired Source of acquisition Cost, normal purchase price Total Checkouts Full call number Barcode Date last seen Copy number Cost, replacement price Koha item type
    Dewey Decimal Classification   Not For Loan Non-fiction D.B.Act.Division D.B.Act.Division 03/10/2008 DBAD / PUB 90.00   320.52 भट्टए HN-56615 03/10/2008 1 90.00 Hindi Books

© Delhi Public Library
Hit Counter
free hit counter